Vilnius Airport Destinations (Vilnius, Lithuania) - Statistics

General Stats
  • This quiz has been taken 115 times
    49 since last reset
  • The average score is 50 of 85
Answer Stats
Airline Destination % Correct
LOT Polish Airlines Warsaw (Chopin)
97%
Finnair Helsinki
94%
Norwegian Air Shuttle/Ryanair/Scandinavian Airlines Stockholm (Arlanda)
94%
airBaltic/Ryanair Berlin
91%
Norwegian Air Shuttle/Ryanair Oslo
91%
airBaltic Paris (Charles de Gaulle)
89%
airBaltic Prague
89%
Brussels Airlines Brussels
86%
airBaltic/Wizz Air Kraków
86%
airBaltic Riga
86%
airBaltic Amsterdam
83%
Aegean Airlines/Ryanair Athens
83%
Avion Express/GetJet Airlines/Ryanair/Wizz Air Barcelona
83%
Ryanair Dublin
83%
Lufthansa Frankfurt
83%
LOT Polish Airlines London (City)
83%
Ryanair/Wizz Air London (Luton)
83%
Ryanair London (Stansted)
83%
airBaltic/Wizz Air Tallinn
83%
Wizz Air Budapest
80%
Scandinavian Airlines Copenhagen
80%
airBaltic Hamburg
80%
Wizz Air Milan (Malpensa)
80%
airBaltic Munich
80%
Ryanair Rome (Ciampino)
80%
Ryanair Rome (Fiumicino)
80%
Turkish Airlines Istanbul
77%
Wizz Air Gdańsk
74%
airBaltic Lisbon
74%
airBaltic/Wizz Air Nice
74%
Austrian Airlines/Ryanair Vienna
74%
Swiss International Air Lines Zürich
74%
FLYYO/Israir/Ryanair/Wizz Air Tel Aviv
71%
airBaltic/flydubai Dubai (International)
69%
Avion Express/Freebird Airlines/GetJet Airlines/Heston Airlines/Mavi Gök Airlines Antalya
66%
GetJet Airlines/Ryanair Corfu
66%
airBaltic Düsseldorf
66%
airBaltic/Avion Express/GetJet Airlines/Heston Airlines Heraklion
66%
Avion Express Lyon
66%
airBaltic/Wizz Air Tirana
66%
Avion Express/GetJet Airlines Funchal
60%
airBaltic/GetJet Airlines/Wizz Air Málaga
60%
Ryanair Malta
60%
Wizz Air Podgorica
60%
Avion Express/GetJet Airlines Rhodes
60%
Wizz Air Bergen
57%
airBaltic/GetJet Airlines Palma de Mallorca
57%
Avion Express Faro
54%
airBaltic Ibiza
54%
Avion Express/Wizz Air Larnaca
54%
airBaltic/Avion Express/GetJet Airlines Tenerife (South)
54%
airBaltic/Ryanair Turin
54%
Avion Express/GetJet Airlines/Heston Airlines/Skyline Express Hurghada
51%
GetJet Airlines Varna
51%
airBaltic Gran Canaria
49%
Ryanair Hahn
49%
Avion Express/Wizz Air Catania
46%
Ryanair/Wizz Air Eindhoven
46%
Ryanair Nuremberg
46%
Avion Express/GetJet Airlines/Heston Airlines Sharm El Sheikh
46%
Air Montenegro/Avion Express/Heston Airlines Tivat
46%
Avion Express Zakynthos
46%
Heston Airlines Dalaman
43%
Wizz Air Billund
40%
Freebird Airlines/GetJet Airlines/Heston Airlines Bodrum
40%
Avion Express/GetJet Airlines Burgas
40%
Avion Express/GetJet Airlines Salzburg
40%
Avion Express/Ryanair Bergamo
37%
Wizz Air Dortmund
37%
Wizz Air Turku
37%
Ryanair Beauvais
34%
GetJet Airlines/Smartwings Marsa Alam
34%
Avion Express Enfidha
31%
GetJet Airlines Olbia
31%
Ryanair Bremen
29%
Ryanair Treviso
29%
GetJet Airlines Rimini
26%
Heston Airlines Kavala
17%
Wizz Air Kutaisi
17%
Avion Express/GetJet Airlines Lamezia Terme
17%
GetJet Airlines Patras
14%
Avion Express/GetJet Airlines Gazipaşa
9%
Wizz Air Grenoble
9%
airBaltic Sandefjord
9%
SkyUp Hambantota (Mattala)
6%
No matching quizzes found
Score Distribution
Percent of People with Each Score
Percentile by Number Answered
Your Score History
You have not taken this quiz since the last reset